000 00818nam a2200217Ii 4500
003 JO-AjNU
008 230605s9999||||xx |||||||||||||| ||und||
017 _a1988/12/761
040 _aJO-AjNU
_bara
_erda
_cJO-AjNU
041 _aara
050 1 4 _aLB1028.25.J6.T32 1993
100 3 _aالزيود، نادر فهمي مؤلف/هندي، صالح ذياب م.مشارك/عليان، هشام عامر م.مشارك/كوافحة،ت يسير مفلح م.مشارك,
_eauthor
_941568
245 0 0 _aالتعلم والتعليم الصفي
250 _aط3
264 3 1 _aعمان:دار الفكر،1993
300 _a215ص
336 _atext
_btxt
_2rdacontent
337 _aunmediated
_bn
_2rdamedia
338 _avolume
_bnc
_2rdacarrier
650 4 _aالتربية والتعليم-تعلم-تعليم
_941569
999 _aA17732
_c21300
_d21300